The Civil War in El Salvador: A Retrospective Analysis /
Enregistré dans:
| Auteur principal: | |
|---|---|
| Format: | Texte |
| Sujets: | |
| Tags: |
Ajouter un tag
Pas de tags, Soyez le premier à ajouter un tag!
|
MARC
| LEADER | 00000 a a2200000 04500 | ||
|---|---|---|---|
| 001 | 43215 | ||
| 003 | |||
| 040 | |||
| 100 | |a Mason, T. David | ||
| 245 | |a The Civil War in El Salvador: |b A Retrospective Analysis / |c T. David Mason | ||
| 650 | |a GUERRA CIVIL | ||
| 650 | |a CONFLICTOS | ||
| 650 | |a EL SALVADOR | ||
| 773 | |g volumen34, número3 (1999), páginas 179-196 | ||
| 999 | |c 39071 |d 39071 | ||
